Statistics for Worlds Largest Airlines

Click here to take the quiz!

General Stats

  • This quiz has been taken 1,181 times
  • The average score is 4 of 8

Answer Stats

# of Aircraft Answer % Correct
611American Airlines
90%
744Delta Air Lines
88%
712United Airlines
85%
692Lufthansa
67%
709Southwest Airlines
58%
362Air Canada
31%
362China Southern Airlines
27%
727SkyWest
4%

Score Distribution

Percentile by Number Answered

Percent of People with Each Score

Your Score History

You have not taken this quiz